<The> Evaluation of Polish-Slovak trade relations between 2010 and 2015

Postupné otvorenie poľskej ekonomiky viedlo k narastú intenzity jej medzinárodných obchodných vzťahov. Gravitačné vplyvy Európskej únii sú dôležitou črtou geografického vzorca poľského zahraničného obchodu. Napriek tomu, že Slovensko sa nachádza tak blízko k Poľsku, jeho význam ako obchodného partne...

ver descrição completa

Na minha lista:
Detalhes bibliográficos
Autor principal: Pawlas, Iwona
Formato: Capítulo de Livro
Idioma:inglês
Assuntos:
Tags: Adicionar Tag
Sem tags, seja o primeiro a adicionar uma tag!

MARC

LEADER 00000nla a2200000 4500
001 0236514
005 20240417075127.1
041 0 |a eng 
044 |a SK 
245 1 0 |a <The> Evaluation of Polish-Slovak trade relations between 2010 and 2015  |c Iwona Pawlas 
520 |a Postupné otvorenie poľskej ekonomiky viedlo k narastú intenzity jej medzinárodných obchodných vzťahov. Gravitačné vplyvy Európskej únii sú dôležitou črtou geografického vzorca poľského zahraničného obchodu. Napriek tomu, že Slovensko sa nachádza tak blízko k Poľsku, jeho význam ako obchodného partnera Poľska nie je obrovský. Analýza vývoja obchodných vzťahov Poľska so Slovenskom v rokoch 2010 až 2015. S pomocou implementácie Balassoveho indikátora odkrytých komparatívnych výhod (RCA) a Grubelovho Lloydoveho indexu vnútroodvetvového obchodu (IIT) bola preskúmaná konkurencieschopnosť poľského tovaru na slovenskom trhu. 
610 2 0 |a Poľsko 
610 2 0 |a Slovensko 
610 2 0 |a analýza komparatívna 
610 2 0 |a obchod medzinárodný 
610 2 0 |a vzťahy obchodné 
610 2 0 |a konkurencieschopnosť 
100 1 |a Pawlas, Iwona